000 00263nam a22001217a 4500
008 181008b xxu||||| |||| 00| 0 eng d
041 _aeng
080 _a579
100 _a11
101 _aMIKB
245 _aMedical Microbiology
_cSherris, J.C
942 _2udc
_cBK
999 _c49076
_d49076